Online Catalogue and eLibrary

Sekara dutu samaja yatharthaya (Record no. 4824)

MARC details
000 -LEADER
fixed length control field 00411nam a2200169Ia 4500
005 - DATE AND TIME OF LATEST TRANSACTION
control field 20250430052053.0
008 - FIXED-LENGTH DATA ELEMENTS--GENERAL INFORMATION
fixed length control field 240331s9999 xx 000 0 und d
020 ## - INTERNATIONAL STANDARD BOOK NUMBER
ISBN 9559566903
082 ## - DDC Classification
Item Number - Author Mark WEE
Class No. 891
100 ## - MAIN ENTRY--PERSONAL NAME
Personal name Weerasundara,S
245 #0 - TITLE STATEMENT
Title Sekara dutu samaja yatharthaya
260 ## - PUBLICATION, DISTRIBUTION, ETC.
Place of publication, distribution, etc. Maharagama
Name of publisher, distributor, etc. Tharanchi Printers
Date of publication, distribution, etc. 1994
300 ## - PHYSICAL DESCRIPTION
Extent (e.g. Volumes, Pages etc.) Vii, 211 p .,
650 ## - SUBJECT ADDED ENTRY--TOPICAL TERM
Topical term or geographic name entry element Poems
650 ## - SUBJECT ADDED ENTRY--TOPICAL TERM
Topical term or geographic name entry element Essays
942 ## - Koha item type (Biblio)
Koha item type Books in Stacks (Lending)
Holdings
Lost status Damaged status Collection code Home library Current library Shelving location Date acquired Full call number Accession Number Item type
    Lending WERC Library WERC Library Social Science Cupboard 03/31/2024 891.48 WEE 3354 Books in Stacks (Lending)

© WERC Library